[Event "Ville d'Orsay online Blitz"]
[Site "Europe Echecs INT"]
[Date "2021.02.07"]
[Round "10"]
[White "Zienkiewicz, Jan"]
[Black "Lesage, Margot"]
[Result "1-0"]
[WhiteElo "1882"]
[BlackElo "1592"]
[PlyCount "89"]
[EventDate "2021.02.07"]
[EventType "swiss (blitz)"]
[EventRounds "11"]
[EventCountry "FRA"]
[SourceTitle "CBM 200 Extra"]
[Source "ChessBase"]
[SourceDate "2021.03.31"]
[SourceVersion "1"]
[SourceVersionDate "2021.03.31"]
[SourceQuality "1"]

1. Nf3 d5 2. g3 Nc6 3. Bg2 e5 4. d3 Nf6 5. 0-0 g6 6. Nc3 Bg7 7. e4 d4 8. Ne2 0-0 9. Ne1 Bg4 10. h3 Bxe2 11. Qxe2 Qd7 12. f4 Nh5 13. Qf3 Rfe8 14. f5 Rad8 15. g4 Nf6 16. Bg5 h6 17. Bxf6 Bxf6 18. fxg6 Re6 19. gxf7+ Qxf7 20. h4 Rf8 21. Qg3 Qg7 22. Nf3 Nb4 23. Rf2 Be7 24. a3 Nc6 25. Raf1 h5 26. g5 Rf4 27. Bh3 Ref6 28. Kh2 Rf8 29. Be6+ Kh8 30. Nd2 Rxf2+ 31. Rxf2 Rxf2+ 32. Qxf2 Qf8 33. Qf5 Qxf5 34. exf5 Nd8 35. f6 Bd6 36. Bf5 e4+ 37. Kg2 e3 38. Ne4 Bf4 39. g6 Kg8 40. Ng5 e2 41. Kf2 Bg3+ 42. Kxe2 Bxh4 43. f7+ Kf8 44. Nh7+ Kg7 45. f8Q# 1-0

[Event "FRA-ch Blitz Online Qual"]
[Site "Europe Echecs INT"]
[Date "2020.05.16"]
[Round "10"]
[White "Dimey, Cyrille"]
[Black "Lesage, Margot"]
[Result "1-0"]
[WhiteElo "1871"]
[BlackElo "1598"]
[PlyCount "79"]
[EventDate "2020.05.16"]
[EventType "swiss (blitz)"]
[EventRounds "15"]
[EventCountry "FRA"]
[SourceTitle "CBM 196 Extra"]
[Source "ChessBase"]
[SourceDate "2020.07.31"]
[SourceVersion "1"]
[SourceVersionDate "2020.07.31"]
[SourceQuality "1"]

1. d4 Nf6 2. c4 c5 3. d5 b5 4. cxb5 a6 5. b6 Qxb6 6. Nc3 g6 7. e4 Bg7 8. Nf3 d6 9. Be2 0-0 10. Nd2 Nbd7 11. Nc4 Qc7 12. 0-0 a5 13. a4 Ba6 14. Ne3 Bxe2 15. Qxe2 Ne5 16. f4 Ned7 17. Nc4 Rfb8 18. Nb5 Qd8 19. Kh1 Ne8 20. e5 dxe5 21. fxe5 Nc7 22. e6 fxe6 23. dxe6 Nf6 24. Bf4 Nxb5 25. Bxb8 Nd4 26. Qe5 Rxb8 27. Qxc5 Ne4 28. Qxa5 Qxa5 29. Nxa5 Ra8 30. Nc4 Nc5 31. a5 Ndxe6 32. Rab1 Nb3 33. Rfe1 Kf7 34. Ne5+ Bxe5 35. Rxe5 Rxa5 36. Rf1+ Kg7 37. Rxe6 Nd4 38. Rxe7+ Kg8 39. Rd1 Nf5 40. Rd8# 1-0

[Event "FRA-ch U14 Girls"]
[Site "Hyeres"]
[Date "2019.04.18"]
[Round "6"]
[White "Nguyen, Thao Nhi"]
[Black "Lesage, Margot"]
[Result "1/2-1/2"]
[WhiteElo "1803"]
[BlackElo "1492"]
[PlyCount "114"]
[EventDate "2019.04.14"]
[EventType "swiss"]
[EventRounds "9"]
[EventCountry "FRA"]
[SourceTitle "CBM 190 Extra"]
[Source "ChessBase"]
[SourceDate "2019.07.15"]
[SourceVersion "1"]
[SourceVersionDate "2019.07.15"]
[SourceQuality "1"]

1. e4 c5 2. Nc3 Nc6 3. Bb5 Nd4 4. Bc4 e6 5. Nf3 Nf6 6. d3 a6 7. Nxd4 cxd4 8. Ne2 b5 9. Bb3 Bc5 10. 0-0 0-0 11. Bg5 e5 12. f4 Bd6 13. Kh1 h6 14. Bh4 exf4 15. Nxd4 Be5 16. Bf2 d5 17. Nc6 Qd6 18. Nxe5 Qxe5 19. exd5 Nxd5 20. Qf3 Be6 21. Rae1 Qd6 22. Bd4 Rfe8 23. Be5 Qc5 24. Qe4 Rad8 25. Bd4 Qc8 26. Qe5 f6 27. Qh5 Qd7 28. c3 Bf7 29. Qf3 Ne3 30. Bxe3 fxe3 31. Bxf7+ Kxf7 32. d4 Qe6 33. a3 Rd7 34. Re2 Rde7 35. Rfe1 Qe4 36. Qh5+ Kg8 37. Qc5 f5 38. Rf1 Qd3 39. Qd5+ Kh8 40. Qf3 f4 41. Rfe1 Qe4 42. Rf1 Qxf3 43. Rxf3 g5 44. g3 Rf8 45. Kg2 Kg7 46. gxf4 gxf4 47. Rh3 Kg6 48. Kf3 h5 49. Rg2+ Kh6 50. Rh4 Rf5 51. Re2 Kg5 52. Rh3 Kh6 53. Re1 Re8 54. Re2 Re7 55. Re1 Re8 56. Re2 Re7 57. Re1 Re8 1/2-1/2